000 00221nam a22000857a 4500
008 161101b xxu||||| |||| 00| 0 eng d
100 _91013
_aVerma.H.C.
245 _aPhysics-IX
260 _aNew Delhi
_bBharathi Publications
_c2011
999 _c3673
_d3673